000
00290nam a2200121 a 4500
008
100922s1972|||| d
100
1
_a
Fabry, Rudolf
245
1
0
_a
Odvíjanie času
260
_b
Slovenský spisovateľ
_a
Bratislava
_c
1972
020
_c
19
044
_a
xo
_c
SK
041
_a
slo
999
_c
10606
_d
10606